[Event "Mittelfranken-chTB1 0910"]
[Site "Mittelfranken"]
[Date "2009.12.06"]
[Round "4.1"]
[White "Hanisch, Friedrich"]
[Black "Weinmann, Stefan"]
[Result "1/2-1/2"]
[WhiteElo "2081"]
[BlackElo "1974"]
[PlyCount "74"]
[EventDate "2009.10.11"]
[EventType "team-tourn"]
[EventRounds "9"]
[EventCountry "GER"]
[SourceTitle "EXT 2011"]
[Source "ChessBase"]
[SourceDate "2010.11.26"]
[SourceVersion "1"]
[SourceVersionDate "2010.11.26"]
[SourceQuality "1"]
[WhiteTeam "Lauf"]
[BlackTeam "Nuernberg SK 1911"]
[WhiteTeamCountry "GER"]
[BlackTeamCountry "GER"]

1. d4 Nf6 2. Nf3 g6 3. c4 Bg7 4. Nc3 0-0 5. e4 d6 6. Be2 e5 7. dxe5 dxe5 8. Qxd8 Rxd8 9. Bg5 Re8 10. Nd5 Nxd5 11. cxd5 Bd7 12. 0-0 c6 13. Bc4 cxd5 14. Bxd5 Bc6 15. Rfd1 Bxd5 16. Rxd5 f6 17. Be3 Kf7 18. Rad1 Na6 19. g4 b6 20. a3 Rac8 21. b4 Re7 22. R5d3 h6 23. Nd2 f5 24. f3 f4 25. Bf2 Bf6 26. Nb3 h5 27. h3 hxg4 28. hxg4 Nc7 29. Rc1 Rh8 30. Kg2 Ne6 31. Rc6 Bh4 32. Bg1 Rd8 33. Rxd8 Nxd8 34. Rd6 Rc7 35. Bf2 Rc2 36. Rd2 Rxd2 37. Nxd2 Bxf2 1/2-1/2

[Event "Mittelfranken-chTB2a 0809"]
[Site "Mittelfranken"]
[Date "2009.02.08"]
[Round "6.4"]
[White "Corral, Carlos"]
[Black "Weinmann, Stefan"]
[Result "1/2-1/2"]
[WhiteElo "1845"]
[BlackElo "1986"]
[PlyCount "39"]
[EventDate "2008.10.12"]
[EventType "team"]
[EventRounds "9"]
[EventCountry "GER"]
[SourceTitle "EXT 2011"]
[Source "ChessBase"]
[SourceDate "2010.11.26"]
[SourceVersion "1"]
[SourceVersionDate "2010.11.26"]
[SourceQuality "1"]
[WhiteTeam "Nuernberg NT V"]
[BlackTeam "Nuernberg SK 1911"]
[WhiteTeamCountry "GER"]
[BlackTeamCountry "GER"]

1. e4 c5 2. Nf3 Nc6 3. Nc3 d6 4. d4 cxd4 5. Nxd4 e5 6. Nxc6 bxc6 7. Bd3 Nf6 8. 0-0 Be7 9. Kh1 0-0 10. f4 exf4 11. Bxf4 Ng4 12. h3 Ne5 13. Bxe5 dxe5 14. Qh5 Qd6 15. Rad1 Qg6 16. Qxg6 hxg6 17. Bc4 a5 18. Rf2 Ba6 19. Bxa6 Rxa6 20. Rd7 1/2-1/2

[Event "Mittelfranken-chTB2a 0809"]
[Site "Mittelfranken"]
[Date "2008.10.26"]
[Round "2.4"]
[White "Weinmann, Stefan"]
[Black "Truempelmann, Jochen"]
[Result "1/2-1/2"]
[WhiteElo "1986"]
[BlackElo "1926"]
[PlyCount "82"]
[EventDate "2008.10.12"]
[EventType "team"]
[EventRounds "9"]
[EventCountry "GER"]
[SourceTitle "EXT 2011"]
[Source "ChessBase"]
[SourceDate "2010.11.26"]
[SourceVersion "1"]
[SourceVersionDate "2010.11.26"]
[SourceQuality "1"]
[WhiteTeam "Nuernberg SK 1911"]
[BlackTeam "Cadolzburg"]
[WhiteTeamCountry "GER"]
[BlackTeamCountry "GER"]

1. d4 d5 2. c4 e6 3. Nc3 c5 4. cxd5 exd5 5. e3 Nf6 6. Nf3 Nc6 7. Be2 Be7 8. 0-0 0-0 9. dxc5 Bxc5 10. Nb5 Re8 11. a3 a6 12. Nbd4 Nxd4 13. Nxd4 Ne4 14. Bf3 Ng5 15. b4 Nxf3+ 16. Nxf3 Bd6 17. Bb2 Be6 18. Qd4 f6 19. Rac1 Re7 20. Rfd1 Rd7 21. h3 Bc7 22. Qd3 Bd6 23. Bd4 Rc8 24. Bb2 Rdc7 25. Qd2 Rxc1 26. Rxc1 Rxc1+ 27. Qxc1 Qc7 28. Qxc7 Bxc7 29. Kf1 Kf7 30. Ke2 Bd7 31. Nd4 Be5 32. f4 Bc7 33. Kd3 Bb6 34. Ke2 Ke7 35. g4 g6 36. Kf3 Ba4 37. Ke2 Bd7 38. Kf3 Ba4 39. Ke2 Be8 40. h4 Bd7 41. g5 Bxd4 1/2-1/2

[Event "Mittelfranken-chTB2a 0809"]
[Site "Mittelfranken"]
[Date "2008.10.12"]
[Round "1.4"]
[White "Fett, Helmut"]
[Black "Weinmann, Stefan"]
[Result "1/2-1/2"]
[WhiteElo "1776"]
[BlackElo "1986"]
[PlyCount "30"]
[EventDate "2008.10.12"]
[EventType "team"]
[EventRounds "9"]
[EventCountry "GER"]
[SourceTitle "EXT 2011"]
[Source "ChessBase"]
[SourceDate "2010.11.26"]
[SourceVersion "1"]
[SourceVersionDate "2010.11.26"]
[SourceQuality "1"]
[WhiteTeam "Erlangen Siemens"]
[BlackTeam "Nuernberg SK 1911"]
[WhiteTeamCountry "GER"]
[BlackTeamCountry "GER"]

1. c4 g6 2. Nc3 Bg7 3. g3 d6 4. Bg2 Nc6 5. Nf3 e5 6. 0-0 Nf6 7. d3 0-0 8. a3 a5 9. Rb1 Bd7 10. Bd2 Qc8 11. Qc1 Nd4 12. Nxd4 exd4 13. Nd5 Re8 14. Nxf6+ Bxf6 15. e4 Bg4 1/2-1/2

[Event "Mittelfrankenliga-B1 0708"]
[Site "Mittelfranken"]
[Date "2008.04.27"]
[Round "9.2"]
[White "Weinmann, Stefan"]
[Black "Alsheimer, Christoph"]
[Result "0-1"]
[WhiteElo "2001"]
[BlackElo "2237"]
[PlyCount "64"]
[EventDate "2007.10.14"]
[EventType "team-tourn"]
[EventRounds "9"]
[EventCountry "GER"]
[SourceTitle "EXT 2011"]
[Source "ChessBase"]
[SourceDate "2010.11.26"]
[SourceVersion "1"]
[SourceVersionDate "2010.11.26"]
[SourceQuality "1"]
[WhiteTeam "Nuernberg SK 1911"]
[BlackTeam "Bechhofen"]
[WhiteTeamCountry "GER"]
[BlackTeamCountry "GER"]

1. d4 e6 2. Nf3 Nf6 3. g3 d5 4. Bg2 b6 5. c4 Bb7 6. Nc3 c6 7. 0-0 Nbd7 8. Re1 dxc4 9. e4 Be7 10. Qe2 b5 11. e5 Nd5 12. Ne4 h6 13. a3 Qb6 14. a4 a5 15. Nd6+ Bxd6 16. exd6 Ba6 17. Ne5 N7f6 18. d7+ Nxd7 19. Nxf7 0-0 20. Nxh6+ gxh6 21. Qxe6+ Rf7 22. Bxh6 N5f6 23. Qf5 Nf8 24. Qg5+ Kh8 25. Bxf8 Raxf8 26. Qh6+ Nh7 27. Qxc6 Qxd4 28. Qxa6 Rxf2 29. Kh1 Rxg2 30. Qxb5 Rxb2 31. Rad1 Qf2 32. Qe5+ Nf6 0-1

[Event "Mittelfrankenliga-B1 0708"]
[Site "Mittelfranken"]
[Date "2008.04.13"]
[Round "8.2"]
[White "Weinmann, Stefan"]
[Black "Adler, Herbert"]
[Result "1/2-1/2"]
[WhiteElo "2001"]
[BlackElo "1961"]
[PlyCount "33"]
[EventDate "2007.10.14"]
[EventType "team-tourn"]
[EventRounds "9"]
[EventCountry "GER"]
[SourceTitle "EXT 2011"]
[Source "ChessBase"]
[SourceDate "2010.11.26"]
[SourceVersion "1"]
[SourceVersionDate "2010.11.26"]
[SourceQuality "1"]
[WhiteTeam "Nuernberg SK 1911"]
[BlackTeam "Buechenbach/Roth"]
[WhiteTeamCountry "GER"]
[BlackTeamCountry "GER"]

1. d4 d5 2. Bf4 Nf6 3. e3 c6 4. Bd3 g6 5. Ne2 Bg7 6. Ng3 Nbd7 7. Nd2 0-0 8. h4 h5 9. c3 Re8 10. Qc2 e5 11. Bxe5 Nxe5 12. dxe5 Rxe5 13. Nf3 Re7 14. 0-0-0 Qe8 15. Ng5 Re5 16. Nf3 Re7 17. Ng5 1/2-1/2

[Event "Mittelfrankenliga-B1 0708"]
[Site "Mittelfranken"]
[Date "2008.03.02"]
[Round "7.2"]
[White "Gerl, Hans Peter"]
[Black "Weinmann, Stefan"]
[Result "0-1"]
[WhiteElo "1919"]
[BlackElo "2001"]
[PlyCount "86"]
[EventDate "2007.10.14"]
[EventType "team-tourn"]
[EventRounds "9"]
[EventCountry "GER"]
[SourceTitle "EXT 2011"]
[Source "ChessBase"]
[SourceDate "2010.11.26"]
[SourceVersion "1"]
[SourceVersionDate "2010.11.26"]
[SourceQuality "1"]
[WhiteTeam "Zirndorf II"]
[BlackTeam "Nuernberg SK 1911"]
[WhiteTeamCountry "GER"]
[BlackTeamCountry "GER"]

1. d4 Nf6 2. c4 g6 3. Nc3 Bg7 4. e4 d6 5. f3 0-0 6. Be3 Nc6 7. Bd3 e5 8. d5 Nd4 9. Nge2 Nh5 10. 0-0 Nxe2+ 11. Bxe2 Nf4 12. Kh1 f5 13. c5 Nxe2 14. Qxe2 f4 15. Bf2 g5 16. cxd6 cxd6 17. Rac1 Rf7 18. Rc2 Bf8 19. Rfc1 Rg7 20. g3 g4 21. gxf4 gxf3 22. Qxf3 Bg4 23. Qe3 Qe8 24. Bg3 Qh5 25. Rf2 Be7 26. Rg1 Bd8 27. Rgg2 Bb6 28. Qd3 Bxf2 29. Rxf2 Rf8 30. f5 Qh6 31. Rf1 Qf6 32. Qe3 h5 33. Qf2 Bh3 34. Rg1 Qg5 35. Nb5 Qh6 36. Nc7 Rc8 37. Ne6 Rg4 38. f6 Kf7 39. Qxa7 Rc1 40. Qxb7+ Kxf6 41. Qb6 Rxg1+ 42. Kxg1 Qc1+ 43. Kf2 Qd2+ 0-1